000 00570nam a2200205 a 4500
001 54631
003 BD-RjUL
005 20211209080140.0
008 161108s1970 nyu||||| |||| 00| 0 eng d
035 _a(BD-RjUL) 54753
040 _aBD-RjUL
_beng
_cBD-RjUL
041 _aeng
082 _223
_a822.914
_bWEH 1970
100 _aWest, Morris
_9162937
245 _aThe heretic :
_ba play in three acts /
_cMorris West
260 _aNew York :
_bHEINEMANN,
_c1970.
300 _aix, 160 p. ;
_c25 cm
650 _aAmerican drama -- 20th century.
_9162938
942 _2ddc
_cBK
999 _c54631
_d54631